000 01137nam a22003137a 4500
003 CHAP
005 20220329134902.0
008 971013c19601942 r 00010 d
010 _a27515
011 _a28487
035 _a32591
040 _cCHAP
082 _a657
_bK4 1942
100 0 0 _aKester, Roy B.
_963109
245 _aContabilidad, teoría y práctica
250 _a2 ed.
260 _aBarcelona :
_bLabor,
_c1960 (c.1942)
300 _a4 v.
505 _aContenido : v.1 Principios de contabilidad.-- v.2 Contabilidad superior.-- v.3 Contabilidad aplicada.-- v.4 Soluciones de los ejercicios prácticos
590 _aBATCH-UPD
_b10
_c20130110
_lUCH01
_h1858
590 _aCONVERSION
_b10
_c20130109
_lUCH01
_h1316
650 1 4 _aContabilidad.
_927421
901 _aBK
942 _cLIBRO
949 _a657 K4 1942
_bBC
_cLIBRO
_d33724000278693
_eLIBRO
_fv.1
_h24936
_i32591
_si
949 _a657 K4 1942
_bBC
_cLIBRO
_d33724000278727
_eLIBRO
_fv.3
_h24938
_i32591
_si
949 _a657 K4 1942
_bBC
_cLIBRO
_d33724000278735
_eLIBRO
_fv.4
_h24939
_i32591
_si
949 _a657 K4 1942
_bBC
_cLIBRO
_d33724000939294
_eLIBRO
_fv.2
_h24937
_i32591
_si
999 _c27515
_d27515